[Event "Hell op"]
[Site "Hell"]
[Date "2019.08.09"]
[Round "8"]
[White "Suvrajit, Saha"]
[Black "Frisvold, Ole Emil"]
[Result "1-0"]
[WhiteElo "2214"]
[BlackElo "2127"]
[PlyCount "47"]
[EventDate "2019.08.03"]
[EventType "swiss"]
[EventRounds "10"]
[EventCountry "NOR"]
[SourceTitle "CBM 191 Extra"]
[Source "ChessBase"]
[SourceDate "2019.09.30"]
[SourceVersion "1"]
[SourceVersionDate "2019.09.30"]
[SourceQuality "1"]

1. Nf3 d5 2. g3 Nf6 3. Bg2 e6 4. 0-0 Bd6 5. c4 0-0 6. b3 b6 7. Bb2 Bb7 8. Na3 a6 9. d4 Qe7 10. Nc2 dxc4 11. bxc4 c5 12. Rb1 Rd8 13. Qc1 b5 14. cxb5 axb5 15. dxc5 Bxc5 16. Bxf6 gxf6 17. Rxb5 Ba6 18. Ra5 Nc6 19. Ra4 Kh8 20. Qh6 Bxe2 21. Rh4 Bd3 22. Nfe1 Qd6 23. Nxd3 Qxd3 24. Be4 1-0

[Event "Hell op"]
[Site "Hell"]
[Date "2019.08.08"]
[Round "7"]
[White "Frisvold, Ole Emil"]
[Black "Unhjem, Bjorn Robert Lovoll"]
[Result "0-1"]
[WhiteElo "2127"]
[BlackElo "1835"]
[PlyCount "112"]
[EventDate "2019.08.03"]
[EventType "swiss"]
[EventRounds "10"]
[EventCountry "NOR"]
[SourceTitle "CBM 191 Extra"]
[Source "ChessBase"]
[SourceDate "2019.09.30"]
[SourceVersion "1"]
[SourceVersionDate "2019.09.30"]
[SourceQuality "1"]

1. d4 d5 2. c4 e6 3. Nf3 Nf6 4. Nc3 Be7 5. Bg5 Nbd7 6. e3 0-0 7. Rc1 c6 8. a3 dxc4 9. Bxc4 Nd5 10. Bxe7 Qxe7 11. e4 Nxc3 12. Rxc3 e5 13. 0-0 exd4 14. Qxd4 Re8 15. e5 Nf8 16. Re1 Be6 17. Bxe6 Nxe6 18. Qg4 Rad8 19. h3 Rd5 20. Rce3 Red8 21. Nh4 Qg5 22. Qxg5 Nxg5 23. Nf5 Kf8 24. Nd6 Rd7 25. Rb3 b6 26. Rc3 c5 27. f4 Ne6 28. g3 Nd4 29. b4 f6 30. bxc5 Rxc5 31. Rxc5 bxc5 32. Kf2 fxe5 33. fxe5 Ke7 34. Rc1 Rc7 35. Ke3 Ke6 36. Nc4 Kd5 37. g4 Rf7 38. Kd3 Nb3 39. Rb1 Nd4 40. Rc1 Ne6 41. Ke3 Rf4 42. Nd2 Ra4 43. Rc3 Kxe5 44. Nf3+ Kd5 45. Rd3+ Nd4 46. Kf4 Ra6 47. g5 Re6 48. Rd1 Re4+ 49. Kg3 Re3 50. Kg4 Rxf3 51. Re1 Rf7 52. Re8 c4 53. g6 hxg6 54. Kg5 c3 55. Kxg6 Rc7 56. Re1 c2 0-1

[Event "Hell op"]
[Site "Hell"]
[Date "2019.08.04"]
[Round "3"]
[White "Frisvold, Ole Emil"]
[Black "Fischer, Daniel1111"]
[Result "1/2-1/2"]
[WhiteElo "2127"]
[BlackElo "2288"]
[PlyCount "87"]
[EventDate "2019.08.03"]
[EventType "swiss"]
[EventRounds "10"]
[EventCountry "NOR"]
[SourceTitle "CBM 191 Extra"]
[Source "ChessBase"]
[SourceDate "2019.09.30"]
[SourceVersion "1"]
[SourceVersionDate "2019.09.30"]
[SourceQuality "1"]

1. d4 Nf6 2. c4 e6 3. Nf3 b6 4. g3 Ba6 5. Qc2 c5 6. Bg2 Bb7 7. dxc5 bxc5 8. Nc3 Be7 9. e4 d6 10. 0-0 0-0 11. Rd1 Qb6 12. h3 Nc6 13. b3 e5 14. Nd5 Nxd5 15. cxd5 Nb4 16. Qb1 a5 17. Nd2 a4 18. a3 Na6 19. bxa4 Qa7 20. Nc4 Nc7 21. Bd2 Bc8 22. f4 f6 23. Bc3 Rd8 24. fxe5 fxe5 25. Qa2 Bf6 26. Rab1 Qxa4 27. Qb3 Qxb3 28. Rxb3 Ba6 29. Nb6 Ra7 30. a4 Kf7 31. Bf1 Rb8 32. Rdb1 Rab7 33. Bxa6 Nxa6 34. Rb5 Nc7 35. R5b2 Be7 36. a5 Na6 37. Kf1 Ke8 38. Ke2 Bd8 39. Nc4 Rxb2+ 40. Rxb2 Rxb2+ 41. Nxb2 Kd7 42. Kd3 Kc7 43. Kc4 Kb7 44. Nd3 1/2-1/2

[Event "Hell op"]
[Site "Hell"]
[Date "2019.08.03"]
[Round "1"]
[White "Frisvold, Ole Emil"]
[Black "Christiansen, Johan Sebastian"]
[Result "0-1"]
[WhiteElo "2127"]
[BlackElo "2554"]
[PlyCount "38"]
[EventDate "2019.08.03"]
[EventType "swiss"]
[EventRounds "10"]
[EventCountry "NOR"]
[SourceTitle "CBM 191 Extra"]
[Source "ChessBase"]
[SourceDate "2019.09.30"]
[SourceVersion "1"]
[SourceVersionDate "2019.09.30"]
[SourceQuality "1"]

1. d4 Nf6 2. c4 c5 3. d5 b5 4. cxb5 a6 5. bxa6 g6 6. Nc3 Bg7 7. e4 0-0 8. Nf3 Qa5 9. Nd2 Bxa6 10. Bxa6 Qxa6 11. Qe2 d6 12. 0-0 Qxe2 13. Nxe2 Na6 14. f3 Rfb8 15. Nc3 Nd7 16. a4 Nb4 17. Ra3 Nd3 18. Nc4 Bd4+ 19. Be3 N3e5 0-1

[Event "NOR-chT 1819"]
[Site "Norway"]
[Date "2019.01.12"]
[Round "5.1"]
[White "Nordquelle, Daniel"]
[Black "Frisvold, Ole Emil"]
[Result "1-0"]
[WhiteElo "2213"]
[BlackElo "2141"]
[PlyCount "77"]
[EventDate "2018.11.02"]
[EventType "team-tourn"]
[EventRounds "9"]
[EventCountry "NOR"]
[SourceTitle "CBM 188 Extra"]
[Source "ChessBase"]
[SourceDate "2019.02.26"]
[SourceVersion "1"]
[SourceVersionDate "2019.02.26"]
[SourceQuality "1"]
[WhiteTeam "Nordstrand"]
[BlackTeam "Bergens"]
[WhiteTeamCountry "NOR"]
[BlackTeamCountry "NOR"]

1. e4 c5 2. Nc3 Nc6 3. Bb5 Nd4 4. Bc4 e6 5. Nge2 Nf6 6. d3 a6 7. Nxd4 cxd4 8. Ne2 Bc5 9. Bb3 d6 10. 0-0 b5 11. Bg5 Qc7 12. Ng3 Ng8 13. Nh5 f6 14. Bd2 Qf7 15. Qg4 Qg6 16. Qh4 Qf7 17. Qh3 Ra7 18. f4 g6 19. Ng3 f5 20. exf5 gxf5 21. Rae1 Re7 22. Re2 Qg6 23. Rfe1 d5 24. a3 Nf6 25. Bb4 Bxb4 26. axb4 Ng4 27. Bxd5 Ne3 28. Bf3 Qg7 29. Nf1 Nxf1 30. Kxf1 0-0 31. Bd5 Rfe8 32. Qxf5 Kh8 33. Qh5 Rf8 34. g3 Rf5 35. Qxf5 exf5 36. Rxe7 Qh6 37. Re8+ Kg7 38. R1e7+ Kg6 39. Rg8+ 1-0

[Event "NOR-chT 1819"]
[Site "Norway"]
[Date "2019.01.11"]
[Round "4.4"]
[White "Rygg, Andreas Gangstad"]
[Black "Frisvold, Ole Emil"]
[Result "0-1"]
[WhiteElo "1845"]
[BlackElo "2141"]
[PlyCount "138"]
[EventDate "2018.11.02"]
[EventType "team-tourn"]
[EventRounds "9"]
[EventCountry "NOR"]
[SourceTitle "CBM 188 Extra"]
[Source "ChessBase"]
[SourceDate "2019.02.26"]
[SourceVersion "1"]
[SourceVersionDate "2019.02.26"]
[SourceQuality "1"]
[WhiteTeam "Hell"]
[BlackTeam "Bergens"]
[WhiteTeamCountry "NOR"]
[BlackTeamCountry "NOR"]

1. e4 c5 2. Be2 Nc6 3. f4 g6 4. Nf3 Bg7 5. c3 d5 6. d3 e6 7. 0-0 Nge7 8. Na3 0-0 9. Kh1 f6 10. Qe1 b6 11. Nc2 Qd7 12. Qh4 Ba6 13. Re1 Rae8 14. Be3 Nd8 15. a4 dxe4 16. dxe4 Bxe2 17. Rxe2 Qd3 18. Rae1 Qxe4 19. Bxc5 Qxa4 20. Bxe7 Rxe7 21. Ncd4 Rfe8 22. Qg4 e5 23. fxe5 fxe5 24. Re4 Qd7 25. Qxd7 Rxd7 26. Kg1 Rde7 27. Kf2 Nf7 28. Nc6 Rc7 29. Nb4 Nd6 30. R4e2 Rf7 31. Kg1 e4 32. Ng5 Rfe7 33. Nc6 Rc7 34. Nb4 a5 35. Nc2 Rce7 36. Ne3 Bh6 37. Nh3 Bxe3+ 38. Rxe3 Nc4 39. R3e2 Re5 40. Nf2 e3 41. Nd3 Rd5 42. Nc1 Rd2 43. b3 Nb2 44. Kf1 Nd3 45. Nxd3 Rxd3 46. Rc2 Rc8 47. Rec1 Rd2 48. Ke1 Rf8 49. Rxd2 exd2+ 50. Kxd2 Rf2+ 51. Kd3 Rxg2 52. Kc4 Rxh2 53. Kb5 Rb2 54. Kxb6 Rxb3+ 55. Kxa5 Kf8 56. Ka4 Rb7 57. Re1 g5 58. c4 Kf7 59. c5 h5 60. c6 Rb8 61. Ka5 h4 62. c7 Rc8 63. Kb6 Kf6 64. Kb7 Rh8 65. c8Q Rxc8 66. Kxc8 g4 67. Kd7 g3 68. Re8 g2 69. Rf8+ Kg7 0-1

[Event "Politiken Cup 37th"]
[Site "Helsingor"]
[Date "2015.08.01"]
[Round "9"]
[White "Bach, Matthias"]
[Black "Frisvold, Ole Emil"]
[Result "1-0"]
[WhiteElo "2236"]
[BlackElo "2063"]
[PlyCount "57"]
[EventDate "2015.07.25"]
[EventType "swiss"]
[EventRounds "10"]
[EventCountry "DEN"]
[SourceTitle "CBM 167 Extra"]
[Source "ChessBase"]
[SourceDate "2015.09.14"]
[SourceVersion "1"]
[SourceVersionDate "2015.09.14"]
[SourceQuality "1"]

1. e4 c5 2. a3 g6 3. b4 Bg7 4. Nc3 b6 5. Bc4 e6 6. Rb1 Ne7 7. Bb2 0-0 8. Nf3 d5 9. Ba2 d4 10. Ne2 e5 11. d3 Kh8 12. Bc1 Bd7 13. Ng5 Qe8 14. f4 h6 15. Nf3 exf4 16. Bxf4 f5 17. 0-0 Bc6 18. Bd6 Nd7 19. Nf4 fxe4 20. Nh4 Be5 21. Nfxg6+ Nxg6 22. Qh5 Rxf1+ 23. Rxf1 Bg7 24. Nxg6+ Kh7 25. Bf7 Qc8 26. Qf5 Nf6 27. Nf8+ Kh8 28. Qh7+ Nxh7 29. Ng6# 1-0

[Event "Politiken Cup 37th"]
[Site "Helsingor"]
[Date "2015.07.30"]
[Round "7"]
[White "Nordin, Eric"]
[Black "Frisvold, Ole Emil"]
[Result "0-1"]
[WhiteElo "1899"]
[BlackElo "2063"]
[PlyCount "72"]
[EventDate "2015.07.25"]
[EventType "swiss"]
[EventRounds "10"]
[EventCountry "DEN"]
[SourceTitle "CBM 167 Extra"]
[Source "ChessBase"]
[SourceDate "2015.09.14"]
[SourceVersion "1"]
[SourceVersionDate "2015.09.14"]
[SourceQuality "1"]

1. e4 c5 2. Nc3 Nc6 3. f4 g6 4. Nf3 Bg7 5. Bb5 Nd4 6. 0-0 a6 7. Bd3 d6 8. Ne2 Nxf3+ 9. Rxf3 Nf6 10. c4 b5 11. cxb5 Qb6 12. Kh1 Bg4 13. Rf1 axb5 14. h3 c4 15. Bb1 h5 16. e5 dxe5 17. fxe5 Nd7 18. d4 cxd3 19. Bxd3 Nxe5 20. Qb3 Bd7 21. Be4 Be6 22. Qb4 Ra4 23. Qc3 Rxe4 24. Nf4 Bc4 25. Rd1 0-0 26. Qc2 Rd4 27. Re1 Nd3 28. Rxe7 Nxc1 29. Qxc1 Qd6 30. Qe3 Qxf4 31. Qe1 Be6 32. Rc1 Be5 33. Qg1 Rfd8 34. Rf1 Qxf1 35. Qxf1 Rd1 36. Re8+ Kg7 0-1

[Event "Politiken Cup 37th"]
[Site "Helsingor"]
[Date "2015.07.27"]
[Round "4"]
[White "Frisvold, Ole Emil"]
[Black "Haugli, Petter"]
[Result "0-1"]
[WhiteElo "2063"]
[BlackElo "2247"]
[PlyCount "97"]
[EventDate "2015.07.25"]
[EventType "swiss"]
[EventRounds "10"]
[EventCountry "DEN"]
[SourceTitle "CBM 167 Extra"]
[Source "ChessBase"]
[SourceDate "2015.09.14"]
[SourceVersion "1"]
[SourceVersionDate "2015.09.14"]
[SourceQuality "1"]

1. d4 Nf6 2. Nf3 g6 3. g3 Bg7 4. Bg2 0-0 5. 0-0 d6 6. c4 Nc6 7. Nc3 a6 8. d5 Na5 9. Qd3 c5 10. Rb1 Rb8 11. e4 b5 12. cxb5 c4 13. Qc2 axb5 14. a3 Nb3 15. Re1 Nxc1 16. Rbxc1 Nd7 17. Na2 Bb7 18. Rcd1 Qb6 19. Nb4 Rbc8 20. Bh3 Rc7 21. Bxd7 Rxd7 22. Qd2 Rc8 23. Nd4 Rdc7 24. Ndc6 e5 25. Qe3 Qc5 26. Qxc5 dxc5 27. d6 Rxc6 28. Nxc6 Bxc6 29. d7 Rd8 30. Rd6 Bb7 31. Red1 Bxe4 32. Rb6 Bd3 33. Rxb5 Rxd7 34. Rxc5 Rb7 35. Rc8+ Bf8 36. Re1 e4 37. Ra1 Rxb2 38. a4 Rb6 39. a5 Ra6 40. Rb8 c3 41. f3 exf3 42. Kf2 Be4 43. Ke3 f5 44. Kf4 Kf7 45. Rb6 Bh6+ 46. Ke5 Rxb6 47. axb6 c2 48. b7 Bxb7 49. Ra7 0-1

[Event "Politiken Cup 37th"]
[Site "Helsingor"]
[Date "2015.07.26"]
[Round "2"]
[White "Frisvold, Ole Emil"]
[Black "Holm, Kristian Stuvik"]
[Result "0-1"]
[WhiteElo "2063"]
[BlackElo "2398"]
[PlyCount "90"]
[EventDate "2015.07.25"]
[EventType "swiss"]
[EventRounds "10"]
[EventCountry "DEN"]
[SourceTitle "CBM 167 Extra"]
[Source "ChessBase"]
[SourceDate "2015.09.14"]
[SourceVersion "1"]
[SourceVersionDate "2015.09.14"]
[SourceQuality "1"]

1. d4 Nf6 2. Nf3 g6 3. g3 Bg7 4. Bg2 0-0 5. 0-0 d6 6. c4 c6 7. Nc3 Qb6 8. Qc2 Qa6 9. b3 d5 10. Nd2 Be6 11. Rb1 Nbd7 12. Rd1 Bf5 13. e4 dxe4 14. Ndxe4 Nxe4 15. Bxe4 Bh3 16. Be3 Nf6 17. Bd3 Qa5 18. Qd2 Qh5 19. Ne2 e5 20. dxe5 Qxe5 21. Nf4 Bg4 22. Re1 Qc7 23. h3 Bd7 24. Bc5 Rfe8 25. Bf1 Ne4 26. Qb4 Bc3 27. Qa3 Bxe1 28. Rxe1 Nxc5 29. Rxe8+ Rxe8 30. Qxc5 b6 31. Qd4 Re7 32. Nd3 Bf5 33. Nf4 Rd7 34. Qf6 Rd6 35. Qe5 f6 36. Qe8+ Kg7 37. c5 Rd8 38. Qe6 Qd7 39. Qe3 Qe8 40. Qc3 g5 41. Ne2 Rd1 42. Nd4 Bxh3 43. Kh2 Rxf1 44. Qf3 Bd7 45. Qd3 Qh5+ 0-1

[Event "Politiken Cup 37th"]
[Site "Helsingor"]
[Date "2015.07.26"]
[Round "3"]
[White "Rasmussen, Henning1111"]
[Black "Frisvold, Ole Emil"]
[Result "0-1"]
[WhiteElo "1817"]
[BlackElo "2063"]
[PlyCount "156"]
[EventDate "2015.07.25"]
[EventType "swiss"]
[EventRounds "10"]
[EventCountry "DEN"]
[SourceTitle "CBM 167 Extra"]
[Source "ChessBase"]
[SourceDate "2015.09.14"]
[SourceVersion "1"]
[SourceVersionDate "2015.09.14"]
[SourceQuality "1"]

1. e4 c5 2. c3 Nf6 3. e5 Nd5 4. d4 cxd4 5. cxd4 d6 6. Nf3 Nc6 7. Be2 e6 8. 0-0 Bd7 9. exd6 Bxd6 10. Nc3 Nce7 11. Nxd5 Nxd5 12. Ne5 0-0 13. Nxd7 Qxd7 14. Bf3 Be7 15. Qb3 Rfd8 16. Be3 Bf6 17. Rac1 Qe7 18. a3 Rd7 19. Rc2 Rad8 20. g3 b6 21. Rfc1 g6 22. Rc8 Kg7 23. Rxd8 Rxd8 24. Kg2 Nxe3+ 25. fxe3 e5 26. Rd1 exd4 27. exd4 Rxd4 28. Rxd4 Bxd4 29. Qc2 Qe1 30. b3 Qg1+ 31. Kh3 Qf1+ 32. Qg2 Qd3 33. Bd5 Qf5+ 34. g4 Qg5 35. Qf3 Bf6 36. a4 Qd2 37. Bc4 Qd7 38. Kg2 Be5 39. h3 Qc7 40. Qd5 Qe7 41. Qf3 Bf6 42. Qd5 Bh4 43. Qf3 Qd7 44. Qd5 Qe7 45. Qf3 f6 46. Kh1 Qe5 47. Kg2 Qe1 48. Kh2 Bf2 49. Qg2 Kh6 50. Bd5 Kg5 51. Bc4 Kh4 52. Qf1 Qe5+ 53. Kh1 Qg3 54. Qg2 Qxh3+ 55. Qxh3+ Kxh3 56. Be6 Kg3 57. Bd7 Be3 58. Be6 Bd4 59. Bd7 Bc5 60. Be6 Be3 61. Bd7 Bc5 62. Be6 Kh4 63. Kg2 h5 64. gxh5 Kxh5 65. Kf3 f5 66. Bf7 Kg5 67. Bd5 Kf6 68. Bc4 Ke5 69. Bf7 g5 70. Bc4 Kf6 71. Bd3 g4+ 72. Kg3 Kg5 73. Bc4 f4+ 74. Kg2 f3+ 75. Kg3 Bd6+ 76. Kf2 Kf4 77. Bd5 g3+ 78. Kf1 g2+ 0-1

[Event "NOR-chB"]
[Site "Oslo"]
[Date "2015.07.04"]
[Round "7"]
[White "Gulbrandsen, Tor"]
[Black "Frisvold, Ole Emil"]
[Result "1/2-1/2"]
[WhiteElo "2005"]
[BlackElo "1991"]
[PlyCount "42"]
[EventDate "2015.07.04"]
[EventType "swiss"]
[EventRounds "9"]
[EventCountry "NOR"]
[SourceTitle "EXT 2017"]
[Source "ChessBase"]
[SourceDate "2016.10.25"]
[SourceVersion "1"]
[SourceVersionDate "2016.10.25"]
[SourceQuality "1"]

1. e4 c5 2. c3 Nf6 3. e5 Nd5 4. d4 cxd4 5. Nf3 Nc6 6. Bc4 Nb6 7. Bb3 g6 8. cxd4 Bg7 9. Bf4 0-0 10. 0-0 d6 11. h3 h6 12. Nc3 g5 13. Bxg5 dxe5 14. d5 Na5 15. Bc2 hxg5 16. Nxg5 f5 17. Qh5 Rf6 18. Qh7+ Kf8 19. Qh5 Kg8 20. Qh7+ Kf8 21. Qh5 Kg8 1/2-1/2

[Event "Hordaland-ch op"]
[Site "Bergen"]
[Date "2015.04.19"]
[Round "5"]
[White "Martinsen, Stig K"]
[Black "Frisvold, Ole Emil"]
[Result "1/2-1/2"]
[WhiteElo "2151"]
[BlackElo "1981"]
[PlyCount "85"]
[EventDate "2015.04.17"]
[EventType "swiss"]
[EventRounds "5"]
[EventCountry "NOR"]
[SourceTitle "EXT 2024"]
[Source "ChessBase"]
[SourceDate "2023.10.10"]
[SourceVersion "1"]
[SourceVersionDate "2023.10.10"]
[SourceQuality "1"]

1. d4 d5 2. c4 c6 3. Nf3 Nf6 4. Qc2 g6 5. Bf4 Bg7 6. e3 Bf5 7. Qb3 Qb6 8. Nc3 Nbd7 9. c5 Qxb3 10. axb3 0-0 11. b4 a6 12. h3 h5 13. Rg1 Rfe8 14. Be2 Be4 15. Ne5 Nxe5 16. Bxe5 Nd7 17. f3 f6 18. Bg3 Bf5 19. e4 Be6 20. exd5 Bxd5 21. Nxd5 cxd5 22. 0-0-0 b5 23. Kc2 Nb8 24. Bxb8 Rexb8 25. Ra1 f5 26. Rgd1 Ra7 27. Ra3 Rba8 28. Rda1 Bxd4 29. Bxb5 Rb8 30. Rxa6 Rxa6 31. Bxa6 Rxb4 32. Ra5 Rxb2+ 33. Kd3 Be5 34. c6 Rb3+ 35. Ke2 Rc3 36. Rxd5 Rxc6 37. Rxe5 Rxa6 38. Rxe7 Kf8 39. Rc7 Ra2+ 40. Kf1 Ra1+ 41. Ke2 Ra2+ 42. Kf1 Ra1+ 43. Ke2 1/2-1/2

[Event "Hordaland-ch op"]
[Site "Bergen"]
[Date "2015.04.18"]
[Round "2"]
[White "Merkesvik, Sondre"]
[Black "Frisvold, Ole Emil"]
[Result "1-0"]
[WhiteElo "2119"]
[BlackElo "1981"]
[PlyCount "69"]
[EventDate "2015.04.17"]
[EventType "swiss"]
[EventRounds "5"]
[EventCountry "NOR"]
[SourceTitle "EXT 2024"]
[Source "ChessBase"]
[SourceDate "2023.10.10"]
[SourceVersion "1"]
[SourceVersionDate "2023.10.10"]
[SourceQuality "1"]

1. Nf3 c5 2. g3 Nc6 3. d4 cxd4 4. Nxd4 d5 5. Bg2 e6 6. c4 Qb6 7. e3 Bc5 8. Nxc6 bxc6 9. 0-0 Nf6 10. Nc3 Be7 11. e4 d4 12. Na4 Qa6 13. e5 Nd7 14. b3 Nxe5 15. Bb2 0-0 16. Qxd4 Bf6 17. Qe4 Qa5 18. Bc3 Qc7 19. Rfe1 Ng6 20. Bxf6 gxf6 21. Qxc6 Qxc6 22. Bxc6 Rb8 23. Rad1 e5 24. Nc5 Bg4 25. f3 Rbc8 26. fxg4 Rxc6 27. Ne4 a5 28. Nc3 Ra8 29. Re2 Nf8 30. Red2 Raa6 31. Nd5 Kg7 32. Ne7 Rc7 33. Nf5+ Kg8 34. Rd8 Rca7 35. Rxf8+ 1-0

[Event "Bergen Grand Prix A"]
[Site "Bergen"]
[Date "2013.10.18"]
[Round "1"]
[White "Frisvold, Ole Emil"]
[Black "Lobersli, Henrik Oie"]
[Result "1-0"]
[WhiteElo "1932"]
[BlackElo "1801"]
[PlyCount "55"]
[EventDate "2013.10.18"]
[EventType "swiss"]
[EventRounds "5"]
[EventCountry "NOR"]
[SourceTitle "EXT 2024"]
[Source "ChessBase"]
[SourceDate "2023.10.10"]
[SourceVersion "1"]
[SourceVersionDate "2023.10.10"]
[SourceQuality "1"]

1. d4 Nf6 2. Bg5 Ne4 3. Bf4 d5 4. f3 Nf6 5. e4 dxe4 6. Nc3 Bf5 7. Bc4 e6 8. d5 exd5 9. Nxd5 Bd6 10. Bg5 Nbd7 11. Qe2 0-0 12. 0-0-0 Re8 13. Qd2 Nxd5 14. Bxd5 Qc8 15. g4 Bg6 16. f4 h6 17. f5 hxg5 18. Qxg5 Bh7 19. Qh5 Ne5 20. Nh3 g6 21. Bxf7+ Kg7 22. f6+ Kxf7 23. Qxh7+ Ke6 24. Ng5+ Kxf6 25. Nxe4+ Ke6 26. Rhf1 Be7 27. Qh3 Rf8 28. Qb3+ 1-0

[Event "Bergen Sommer GP"]
[Site "Bergen"]
[Date "2013.08.04"]
[Round "4"]
[White "Frisvold, Ole Emil"]
[Black "Ljones, Gaute"]
[Result "1-0"]
[WhiteElo "1961"]
[BlackElo "1380"]
[PlyCount "63"]
[EventDate "2013.08.02"]
[EventType "swiss"]
[EventRounds "5"]
[EventCountry "NOR"]
[SourceTitle "EXT 2024"]
[Source "ChessBase"]
[SourceDate "2023.10.10"]
[SourceVersion "1"]
[SourceVersionDate "2023.10.10"]
[SourceQuality "1"]

1. d4 d5 2. c4 e6 3. Nf3 Nf6 4. Bg5 Be7 5. Nc3 h6 6. Bh4 0-0 7. e3 Nbd7 8. Rc1 c6 9. a3 Qa5 10. cxd5 exd5 11. Bd3 Re8 12. 0-0 Ne4 13. Bxe7 Rxe7 14. Nd2 Ndf6 15. f3 Ng5 16. Re1 Bd7 17. Nb3 Qc7 18. e4 dxe4 19. fxe4 Bg4 20. Qd2 Qb6 21. Nc5 Rd8 22. e5 Nd5 23. Nxd5 Rxd5 24. Bc4 Rd8 25. Re3 Ne6 26. Bxe6 Bxe6 27. Rg3 Kh7 28. Qd3+ g6 29. Rf1 Qxb2 30. Nxe6 fxe6 31. Qxg6+ Kh8 32. Qxh6+ 1-0

[Event "Politiken Cup 34th"]
[Site "Helsingor"]
[Date "2012.08.05"]
[Round "10"]
[White "Frisvold, Ole Emil"]
[Black "Nilsson, Patrik1111"]
[Result "1-0"]
[WhiteElo "1960"]
[BlackElo "2078"]
[PlyCount "43"]
[EventDate "2012.07.28"]
[EventType "swiss"]
[EventRounds "10"]
[EventCountry "DEN"]
[SourceTitle "CBM 149 Extra"]
[Source "ChessBase"]
[SourceDate "2012.08.24"]
[SourceVersion "1"]
[SourceVersionDate "2012.08.24"]
[SourceQuality "1"]

1. d4 f5 2. Nf3 Nf6 3. g3 g6 4. Bg2 Bg7 5. 0-0 0-0 6. c4 d6 7. Nc3 Qe8 8. e4 fxe4 9. Ng5 Nc6 10. Nb5 Qd8 11. d5 a6 12. dxc6 axb5 13. Nxe4 Nxe4 14. Qd5+ e6 15. cxb7 exd5 16. bxa8Q Nc5 17. Bxd5+ Kh8 18. cxb5 Qe7 19. Qa5 Be5 20. Be3 Bxb2 21. Rad1 Bg4 22. Qb4 1-0

[Event "Politiken Cup 34th"]
[Site "Helsingor"]
[Date "2012.08.04"]
[Round "9"]
[White "Moerling, Joakim"]
[Black "Frisvold, Ole Emil"]
[Result "1/2-1/2"]
[WhiteElo "1685"]
[BlackElo "1960"]
[PlyCount "214"]
[EventDate "2012.07.28"]
[EventType "swiss"]
[EventRounds "10"]
[EventCountry "DEN"]
[SourceTitle "CBM 149 Extra"]
[Source "ChessBase"]
[SourceDate "2012.08.24"]
[SourceVersion "1"]
[SourceVersionDate "2012.08.24"]
[SourceQuality "1"]

1. d4 d5 2. c4 c6 3. Nf3 Nf6 4. Nc3 dxc4 5. a4 Bf5 6. e3 e6 7. Bxc4 Bd6 8. 0-0 0-0 9. Qe2 Ne4 10. Bd3 Nxc3 11. bxc3 Bxd3 12. Qxd3 Nd7 13. Ba3 Bxa3 14. Rxa3 Qe7 15. Rb3 b6 16. c4 Rfd8 17. Qe4 Rac8 18. Ne5 f5 19. Qf4 Qd6 20. Ng6 Qxf4 21. Nxf4 Kf7 22. a5 g5 23. Nd3 c5 24. axb6 axb6 25. Ne5+ Ke7 26. Nxd7 Rxd7 27. Rxb6 cxd4 28. exd4 Rxc4 29. Re1 Rd6 30. Rb7+ Rd7 31. Rb6 Rd6 32. Rb7+ Kf6 33. Rxh7 Rcxd4 34. g3 Rd1 35. Rxd1 Rxd1+ 36. Kg2 g4 37. h3 gxh3+ 38. Rxh3 e5 39. Rh8 e4 40. Re8 Kf7 41. Re5 Kf6 42. Re8 Re1 43. Kh2 Re2 44. Kg2 Kf7 45. Re5 Kg6 46. Re8 Kf6 47. Kf1 Rb2 48. Kg2 Rb5 49. Kf1 Kf7 50. Ra8 Rb1+ 51. Kg2 Rb2 52. Kf1 Kf6 53. Re8 Kf7 54. Re5 Kg6 55. Re8 Kf6 56. Kg2 Ra2 57. Kf1 Ra5 58. Ke2 Kf7 59. Rb8 Ke6 60. Rd8 Ke5 61. Rd7 Rc5 62. Rd2 Rc3 63. Rd8 Rb3 64. Rd2 f4 65. gxf4+ Kxf4 66. Ra2 Rh3 67. Rb2 Ke5 68. Ra2 Kd4 69. Ra4+ Kd5 70. Ra2 Kc5 71. Rd2 Kc4 72. Rc2+ Kb3 73. Rd2 Kc3 74. Ra2 Kc4 75. Ra4+ Kd5 76. Ra5+ Kd4 77. Ra4+ Ke5 78. Ra5+ Kf4 79. Ra2 Rb3 80. Rc2 Ke5 81. Ra2 Kd4 82. Ra4+ Ke5 83. Ra2 Rc3 84. Ra5+ Kf4 85. Ra2 Rc4 86. Rb2 Ke5 87. Ra2 Kd4 88. Rd2+ Ke5 89. Ra2 Rb4 90. Ra5+ Kd4 91. Ra2 Rb3 92. Ra4+ Ke5 93. Ra5+ Kf4 94. Ra2 Rh3 95. Rb2 Rd3 96. Ra2 Rd8 97. Rb2 Ra8 98. Rc2 Ra5 99. Rb2 Re5 100. Ra2 Rh5 101. Rb2 Rh3 102. Ra2 Ke5 103. Ra5+ Kd4 104. Ra4+ Kd5 105. Ra5+ Kd4 106. Ra4+ Ke5 107. Ra5+ Kf4 1/2-1/2

[Event "Bergen Grand Prix"]
[Site "Bergen"]
[Date "2011.11.13"]
[Round "4"]
[White "Frisvold, Ole Emil"]
[Black "Blom, Erlend R"]
[Result "1-0"]
[WhiteElo "1918"]
[BlackElo "1536"]
[PlyCount "87"]
[EventDate "2011.11.11"]
[EventType "swiss"]
[EventRounds "5"]
[EventCountry "NOR"]
[SourceTitle "EXT 2023"]
[Source "ChessBase"]
[SourceDate "2022.10.05"]
[SourceVersion "1"]
[SourceVersionDate "2022.10.05"]
[SourceQuality "1"]

1. d4 Nf6 2. Bg5 e6 3. e4 h6 4. Bxf6 Qxf6 5. Nc3 Bb4 6. Qd2 b6 7. a3 Bxc3 8. Qxc3 Nc6 9. Nf3 Bb7 10. Bd3 Qf4 11. Qd2 Qxd2+ 12. Kxd2 0-0-0 13. c4 d6 14. b4 g5 15. d5 exd5 16. exd5 Ne5 17. b5 Nxf3+ 18. gxf3 Rde8 19. Rae1 Kd8 20. Bf5 Bc8 21. Bxc8 Kxc8 22. Re3 Re5 23. Rxe5 dxe5 24. h4 gxh4 25. Rxh4 Kd7 26. Rh5 f6 27. Kd3 Ke7 28. Ke4 Kf7 29. Kf5 Rh7 30. Rh2 h5 31. Rg2 h4 32. Rh2 Rh5+ 33. Kg4 Kg6 34. Rxh4 Rxh4+ 35. Kxh4 Kf5 36. Kg3 Kg5 37. a4 f5 38. f4+ Kf6 39. Kf3 e4+ 40. Ke3 Ke7 41. Kd4 Kd6 42. a5 Ke7 43. axb6 axb6 44. Ke5 1-0

[Event "Bergen Grand Prix"]
[Site "Bergen"]
[Date "2011.11.12"]
[Round "2"]
[White "Satre, Roger"]
[Black "Frisvold, Ole Emil"]
[Result "0-1"]
[WhiteElo "1634"]
[BlackElo "1918"]
[PlyCount "66"]
[EventDate "2011.11.11"]
[EventType "swiss"]
[EventRounds "5"]
[EventCountry "NOR"]
[SourceTitle "EXT 2023"]
[Source "ChessBase"]
[SourceDate "2022.10.05"]
[SourceVersion "1"]
[SourceVersionDate "2022.10.05"]
[SourceQuality "1"]

1. e4 c5 2. Nc3 Nc6 3. g3 g6 4. Bg2 Bg7 5. d3 d6 6. f4 e6 7. Nf3 Nge7 8. 0-0 Bd7 9. Nb5 Qb8 10. e5 dxe5 11. fxe5 Nxe5 12. Nxe5 Bxe5 13. a4 a6 14. d4 cxd4 15. Nxd4 Qd6 16. Be3 Nc6 17. c3 0-0 18. Nb3 Qc7 19. a5 Qc8 20. Bc5 Rd8 21. Bb6 Bc7 22. Nc5 Nxa5 23. Bxa5 Bxa5 24. Rxa5 Bb5 25. Qxd8+ Qxd8 26. Nxb7 Qb6+ 27. Rf2 Rb8 28. Ra1 Rxb7 29. Bxb7 Qxb7 30. Rd2 Qf3 31. Rf2 Qd5 32. h4 Bc6 33. Rh2 Qf3 0-1